[Event "18 Open international de La Reunion"]
[Site "Salle des fêtes de Bellepierre"]
[Date "2016.10.10"]
[Round "1.1"]
[White "Testud, Philippe"]
[Black "Assie, Joel"]
[Result "1-0"]
[WhiteElo "2202"]
[BlackElo "1449"]
[PlyCount "53"]
[EventDate "2016.??.??"]

1. c4 Nf6 2. g3 c6 3. Bg2 e6 4. Nf3 Be7 5. O-O O-O 6. b3 d5 7. Bb2 Nbd7 8. d3
b6 9. Nbd2 Bb7 10. e4 dxc4 11. dxc4 Nc5 12. e5 Nfd7 13. Qc2 Qc7 14. b4 Na6 15.
a3 c5 16. b5 Nab8 17. Ne4 f6 18. exf6 gxf6 19. Bh3 e5 20. Nh4 Re8 21. Bf5 Nf8
22. Qe2 Bd8 23. Rad1 Qg7 24. Nd6 Re7 25. Nxb7 Rxb7 26. Rxd8 a6 27. Be4 1-0

[Event "18 Open international de La Reunion"]
[Site "Salle des fêtes de Bellepierre"]
[Date "2016.10.10"]
[Round "1.2"]
[White "Larmet, Nino"]
[Black "Lorans, Sylvain"]
[Result "0-1"]
[WhiteElo "1418"]
[BlackElo "2157"]
[PlyCount "44"]
[EventDate "2016.??.??"]

1. a3 d5 2. b4 a5 3. b5 c6 4. e3 Nf6 5. c4 g6 6. Bb2 Bg7 7. d4 O-O 8. Nf3 Ne4
9. Nbd2 Bg4 10. h3 Nxd2 11. Kxd2 Bxf3 12. Qxf3 e5 13. cxd5 exd4 14. exd4 Qb6
15. Qd3 Rd8 16. a4 Rxd5 17. Ke3 Nd7 18. Rd1 Re8+ 19. Kf4 Qc7+ 20. Kf3 Rf5+ 21.
Qxf5 gxf5 22. Bd3 Qd6 0-1

[Event "18 Open international de La Reunion"]
[Site "Salle des fêtes de Bellepierre"]
[Date "2016.10.10"]
[Round "1.4"]
[White "Laoussing, Stephane"]
[Black "Mezouaghi, Miloud"]
[Result "0-1"]
[WhiteElo "1399"]
[BlackElo "2057"]
[PlyCount "60"]
[EventDate "2016.??.??"]

1. e4 c5 2. Nf3 d6 3. h3 Nd7 4. Bc4 e6 5. Nc3 Ngf6 6. d3 Be7 7. O-O O-O 8. Be3
a6 9. d4 b5 10. Be2 b4 11. e5 bxc3 12. exf6 Bxf6 13. bxc3 Qc7 14. Rb1 Bb7 15.
Bc4 Bxf3 16. gxf3 cxd4 17. Bxd4 Qxc4 18. Rb7 Bxd4 19. cxd4 Nf6 20. Rb3 Rab8 21.
Kh1 Rfc8 22. c3 Rxb3 23. axb3 Qxc3 24. Rg1 g6 25. h4 Qc2 26. Qf1 Qxb3 27. Rg3
Qc4 28. Qa1 Qc1+ 29. Rg1 Qf4 30. Qxa6 Qxf3+ 0-1

[Event "18 Open international de La Reunion"]
[Site "Salle des fêtes de Bellepierre"]
[Date "2016.10.10"]
[Round "1.5"]
[White "Payet, Jean-Claude"]
[Black "Pun Chung, Leo"]
[Result "1-0"]
[WhiteElo "1865"]
[BlackElo "1374"]
[PlyCount "97"]
[EventDate "2016.??.??"]

1. e4 c5 2. d4 cxd4 3. c3 d3 4. Bxd3 e5 5. Nf3 Nc6 6. Be3 Nf6 7. h3 d5 8. Nbd2
dxe4 9. Nxe4 Bf5 10. Qc2 Bxe4 11. Bxe4 Nxe4 12. Qxe4 Bd6 13. Rd1 Qc7 14. Qg4
O-O 15. Bh6 f5 16. Qxg7+ Qxg7 17. Bxg7 Kxg7 18. Rxd6 Rad8 19. Rxd8 Rxd8 20. Ke2
Kf6 21. Nd2 b5 22. f3 b4 23. g4 bxc3 24. bxc3 Ne7 25. c4 h6 26. h4 Ke6 27. g5
hxg5 28. hxg5 Rg8 29. Rg1 Kd6 30. Kd3 Nc6 31. Rg3 Nb4+ 32. Kc3 Nxa2+ 33. Kc2
Nb4+ 34. Kc3 a5 35. g6 Nc6 36. g7 Ne7 37. Nb3 a4 38. Nc1 Rb8 39. Na2 Rb3+ 40.
Kc2 Rb8 41. Nc3 a3 42. Nb5+ Kc5 43. Nxa3 e4 44. fxe4 fxe4 45. Kc3 Rd8 46. Nb5
Kc6 47. Nd4+ Kb6 48. c5+ Kxc5 49. Ne6+ 1-0

[Event "18 Open international de La Reunion"]
[Site "Salle des fêtes de Bellepierre"]
[Date "2016.10.10"]
[Round "1.6"]
[White "Le Maguet, Loan"]
[Black "Calmels, Nicolas"]
[Result "0-1"]
[WhiteElo "1362"]
[BlackElo "1863"]
[PlyCount "74"]
[EventDate "2016.??.??"]

1. e4 c5 2. Nf3 d6 3. d4 cxd4 4. Nxd4 Nf6 5. Nc3 a6 6. f3 Nc6 7. Be3 e6 8. Qd2
Be7 9. O-O-O Qa5 10. Nb3 Qc7 11. Be2 b5 12. g4 Nd7 13. h4 Nce5 14. h5 Nc4 15.
Bxc4 bxc4 16. Nd4 Rb8 17. b3 Nc5 18. g5 cxb3 19. cxb3 e5 20. Nc2 Be6 21. g6
fxg6 22. hxg6 h6 23. Rdf1 Bxb3 24. Bxc5 Bxc2 25. Kxc2 Qxc5 26. Rh5 Rc8 27. Qd3
Bg5 28. f4 exf4 29. Rh3 Qa3 30. Qd5 Rf8 31. Qe6+ Kd8 32. Rd1 Rc6 33. e5 f3 34.
Qb3 Qc5 35. exd6 Rb6 36. Qe6 Qf2+ 37. Rd2 Qxd2# 0-1

[Event "18 Open international de La Reunion"]
[Site "Salle des fêtes de Bellepierre"]
[Date "2016.10.10"]
[Round "1.7"]
[White "Coent, Yann"]
[Black "Leccia, Antoine"]
[Result "1-0"]
[WhiteElo "1812"]
[BlackElo "1342"]
[PlyCount "65"]
[EventDate "2016.??.??"]

1. e4 c5 2. Nf3 Nc6 3. Be2 Nf6 4. Nc3 d6 5. d4 cxd4 6. Nxd4 g6 7. Be3 Bg7 8.
O-O O-O 9. Kh1 Bd7 10. Nxc6 Bxc6 11. f3 d5 12. e5 Nd7 13. f4 e6 14. Nb5 Bxb5
15. Bxb5 a6 16. Bd3 Rc8 17. c3 Re8 18. Qf3 Qc7 19. Qf2 Bf8 20. Qe2 Bc5 21. Bd2
Bf8 22. h4 Qd8 23. g3 h5 24. Kh2 Be7 25. Kh3 Kg7 26. Rg1 Rh8 27. Raf1 Nc5 28.
Bb1 Nd7 29. Rg2 Rc6 30. Be1 Rc8 31. g4 Rb8 32. gxh5 Rxh5 33. Qxh5 1-0

[Event "18 Open international de La Reunion"]
[Site "Salle des fêtes de Bellepierre"]
[Date "2016.10.10"]
[Round "1.8"]
[White "Deschamps, Nathalie"]
[Black "Desire, Michael"]
[Result "0-1"]
[WhiteElo "1314"]
[BlackElo "1808"]
[PlyCount "94"]
[EventDate "2016.??.??"]

1. b3 d5 2. Bb2 c5 3. e3 Nc6 4. Bb5 e6 5. Nf3 Nf6 6. Ne5 Qc7 7. f4 Bd6 8. Bxc6+
bxc6 9. d3 Rb8 10. Nd2 a5 11. a4 Ba6 12. c4 O-O 13. O-O dxc4 14. Nexc4 Nd5 15.
Qc2 Nb4 16. Qc3 f6 17. Rfd1 Rfd8 18. Ne4 Be7 19. Nf2 Rd5 20. Ba3 Rbd8 21. Bxb4
cxb4 22. Qc2 c5 23. Rac1 f5 24. Ne5 Bd6 25. Nc4 e5 26. Nxd6 Qxd6 27. fxe5 Qxe5
28. e4 fxe4 29. dxe4 Rd4 30. Re1 c4 31. bxc4 Bxc4 32. Rcd1 Qe6 33. Rb1 Rd2 34.
Qc1 Qf7 35. Ng4 Be6 36. Rf1 Qa7+ 37. Nf2 Re2 38. Rb2 Rxe4 39. Re1 Rc4 40. Qb1
Bd5 41. Rd2 Rf8 42. Rf1 Rcf4 43. Qe1 Bc4 44. g3 Rf3 45. Re2 Bxe2 46. Qxe2 Rxf2
47. Qe6+ Qf7 0-1

[Event "18 Open international de La Reunion"]
[Site "Salle des fêtes de Bellepierre"]
[Date "2016.10.10"]
[Round "1.9"]
[White "Bah, Ismael"]
[Black "Sandjivy, Jean Marc"]
[Result "1-0"]
[WhiteElo "1786"]
[BlackElo "1308"]
[PlyCount "113"]
[EventDate "2016.??.??"]

1. Nf3 e6 2. b3 Nf6 3. Bb2 Bc5 4. e3 Qe7 5. Be2 d5 6. O-O O-O 7. d4 Bd6 8. c4
c5 9. Nbd2 cxd4 10. exd4 Re8 11. Re1 Ne4 12. c5 Bc7 13. b4 a5 14. b5 Bf4 15.
Qc2 Qf6 16. Nxe4 dxe4 17. Qxe4 Nd7 18. g3 Bh6 19. Rab1 Rb8 20. Ne5 Nxe5 21.
Qxe5 Qxe5 22. dxe5 Bd2 23. Red1 Bb4 24. Rbc1 a4 25. a3 Ba5 26. Rc4 Bd8 27. Rxa4
f6 28. Rc4 fxe5 29. Bxe5 Ra8 30. a4 Bf6 31. Bxf6 gxf6 32. f4 e5 33. fxe5 Bh3
34. Bf1 Bxf1 35. Kxf1 Rxe5 36. c6 bxc6 37. bxc6 Rae8 38. c7 Rf5+ 39. Kg1 Kg7
40. c8=Q Rxc8 41. Rxc8 Ra5 42. Ra1 Kg6 43. Rb8 f5 44. Rb5 Ra8 45. a5 Kg5 46.
Ra4 Rc8 47. Rb1 Re8 48. a6 Re4 49. Rxe4 fxe4 50. a7 Kg4 51. Kg2 h5 52. h3+ Kf5
53. Kf2 h4 54. Rb5+ Ke6 55. g4 Kd6 56. Ke3 Kc6 57. Rb1 1-0

[Event "18 Open international de La Reunion"]
[Site "Salle des fêtes de Bellepierre"]
[Date "2016.10.10"]
[Round "1.10"]
[White "Siffert, Arman"]
[Black "Triton, Maxime"]
[Result "0-1"]
[WhiteElo "1270"]
[BlackElo "1771"]
[PlyCount "74"]
[EventDate "2016.??.??"]

1. e4 c5 2. Nf3 e6 3. Bb5 a6 4. Be2 Nc6 5. d4 cxd4 6. Nxd4 Qc7 7. Be3 Nf6 8.
Nd2 Be7 9. Qb1 O-O 10. c3 b5 11. N4f3 Bb7 12. Bd3 Rfd8 13. Nf1 d5 14. Ng3 b4
15. O-O Rab8 16. Qc2 bxc3 17. Qxc3 dxe4 18. Nxe4 Nd5 19. Qc1 Nxe3 20. Qxe3 Ne5
21. Nxe5 Qxe5 22. Rfe1 Qxb2 23. Red1 Qe5 24. Bc2 Bd5 25. Bd3 f5 26. Ng3 Qxe3
27. fxe3 Bc5 28. Kf2 f4 29. Nf1 Rb2+ 30. Be2 fxe3+ 31. Nxe3 Rf8+ 32. Kg3 Bxe3
33. Bg4 Rxg2+ 34. Kh3 Rff2 35. Rh1 Bf4 36. Bh5 g6 37. Bd1 h5 0-1

[Event "18 Open international de La Reunion"]
[Site "Salle des fêtes de Bellepierre"]
[Date "2016.10.10"]
[Round "1.11"]
[White "Jotee, Ashvin"]
[Black "Padre, Maxime"]
[Result "1-0"]
[WhiteElo "1752"]
[BlackElo "1261"]
[PlyCount "49"]
[EventDate "2016.??.??"]

1. c4 b6 2. Nf3 Bb7 3. Nc3 Nf6 4. g3 e6 5. Bg2 Be7 6. O-O O-O 7. d4 d5 8. cxd5
Nxd5 9. Re1 c5 10. e4 Nc7 11. Bf4 cxd4 12. Nxd4 Nc6 13. Nxc6 Bxc6 14. Qg4 Re8
15. Red1 Qc8 16. Rac1 Qb7 17. Nd5 Nxd5 18. exd5 Bxd5 19. Rc7 Qa6 20. Bxd5 exd5
21. Rxd5 Rac8 22. Rdd7 Rxc7 23. Rxc7 g6 24. Qd7 Kf8 25. Bh6+ 1-0

[Event "18 Open international de La Reunion"]
[Site "Salle des fêtes de Bellepierre"]
[Date "2016.10.10"]
[Round "1.12"]
[White "Dazin, Nathan"]
[Black "Frelicot, Eric"]
[Result "0-1"]
[WhiteElo "1229"]
[BlackElo "1749"]
[PlyCount "70"]
[EventDate "2016.??.??"]

1. e4 c6 2. Nc3 d5 3. Nf3 dxe4 4. Nxe4 Bf5 5. Nc3 e6 6. a3 Nf6 7. h3 Bd6 8. Bc4
O-O 9. O-O Nbd7 10. Re1 b5 11. Bb3 a5 12. d3 Qc7 13. Ne4 Bxe4 14. dxe4 Rad8 15.
Ng5 Nc5 16. Qf3 h6 17. Ba2 hxg5 18. Bxg5 Be5 19. c3 Rd3 20. Be3 Na4 21. Bb1
Rxe3 22. Qxe3 Nxb2 23. Qe2 Na4 24. f4 Bxc3 25. e5 Bxa1 26. exf6 Bxf6 27. Qd1 g6
28. g3 Nc3 29. Qf3 Nxb1 30. Rxb1 Rd8 31. h4 Rd5 32. g4 Bxh4 33. g5 Qd6 34. Qg4
Qc5+ 35. Kg2 Qc2+ 0-1

[Event "18 Open international de La Reunion"]
[Site "Salle des fêtes de Bellepierre"]
[Date "2016.10.10"]
[Round "1.13"]
[White "Andriandaza, Tombo Omar"]
[Black "Sandjivy, Vivien"]
[Result "1-0"]
[WhiteElo "1699"]
[BlackElo "1214"]
[PlyCount "59"]
[EventDate "2016.??.??"]

1. e4 e5 2. Nf3 Nc6 3. Bc4 Nf6 4. O-O Nxe4 5. d4 d5 6. Bb5 exd4 7. Nxd4 Bd7 8.
Bxc6 bxc6 9. Re1 c5 10. Nb3 Be6 11. Be3 Qf6 12. f3 Ng5 13. Nxc5 Qxb2 14. Bd4
Bxc5 15. Bxc5 Qxa1 16. Qxd5 Rd8 17. Qxg5 Qf6 18. Qe3 a6 19. Nc3 Qf5 20. Ne4 Rd5
21. c4 Rd7 22. Qb3 Qe5 23. Nd6+ cxd6 24. Rxe5 dxe5 25. Qb8+ Rd8 26. Qxe5 Rd1+
27. Kf2 Rg8 28. f4 f5 29. Qxe6+ Kd8 30. Qxg8+ 1-0

[Event "18 Open international de La Reunion"]
[Site "Salle des fêtes de Bellepierre"]
[Date "2016.10.10"]
[Round "1.14"]
[White "Leccia, Thomas"]
[Black "Jubin, Thierry"]
[Result "0-1"]
[WhiteElo "1211"]
[BlackElo "1690"]
[PlyCount "88"]
[EventDate "2016.??.??"]

1. e4 c6 2. d4 d5 3. Nc3 dxe4 4. Nxe4 Bf5 5. Ng3 Bg6 6. h4 h6 7. Bd3 Bxd3 8.
Qxd3 Nf6 9. Bf4 Qa5+ 10. Bd2 Qc7 11. N1e2 e6 12. O-O-O Nbd7 13. Kb1 Be7 14.
Rhg1 Ng4 15. f3 Nf2 16. Qb3 Nxd1 17. Rxd1 Bxh4 18. Bf4 Qb6 19. Ne4 O-O 20. g4
Qxb3 21. cxb3 Nf6 22. N2c3 Rfd8 23. g5 hxg5 24. Nxg5 Nd5 25. Nce4 Nxf4 26. Rh1
Bxg5 27. Nxg5 Rxd4 28. Rg1 Rad8 29. Kc2 Rd2+ 30. Kc3 Ne2+ 31. Kb4 Nxg1 32. Ka3
R8d5 33. b4 R2d3+ 34. b3 Rxg5 35. Ka4 Nxf3 36. Ka3 Rg2 37. b5 Rdd2 38. bxc6
Rxa2+ 39. Kb4 Rg4+ 40. Kc3 Ne5 41. b4 Ra3+ 42. Kb2 Rh3 43. Kc2 Rg2+ 44. Kb1
Rh1# 0-1

[Event "18 Open international de La Reunion"]
[Site "Salle des fêtes de Bellepierre"]
[Date "2016.10.10"]
[Round "1.15"]
[White "Rajaobelina, Hery"]
[Black "Payet, Quentin"]
[Result "1-0"]
[WhiteElo "1683"]
[BlackElo "1199"]
[PlyCount "62"]
[EventDate "2016.??.??"]

1. e4 e5 2. Nf3 Nc6 3. Bb5 d6 4. c3 Bd7 5. O-O Nf6 6. Re1 Be7 7. h3 O-O 8. d4
exd4 9. cxd4 a6 10. Ba4 Re8 11. a3 b5 12. Bb3 Na5 13. Bc2 Rc8 14. Qd3 g6 15. b4
Nb7 16. Bb3 c5 17. Bc2 c4 18. Qc3 d5 19. e5 Nh5 20. Bh6 Ng7 21. Nbd2 Ne6 22.
Nf1 Bg5 23. Nxg5 Nxg5 24. Qg3 Ne6 25. Rad1 a5 26. Ne3 Nc7 27. Bg5 Re7 28. Qh4
Qe8 29. Bxe7 axb4 30. axb4 Na6 31. Nxd5 f6 1-0

[Event "18 Open international de La Reunion"]
[Site "Salle des fêtes de Bellepierre"]
[Date "2016.10.10"]
[Round "1.16"]
[White "Leonardy, Batiste"]
[Black "Goorsahye, Antoine"]
[Result "0-1"]
[WhiteElo "1195"]
[BlackElo "1672"]
[PlyCount "38"]
[EventDate "2016.??.??"]

1. e4 e5 2. Nf3 Nc6 3. Bc4 Nf6 4. Ng5 Bc5 5. Nxf7 Bxf2+ 6. Kxf2 Nxe4+ 7. Ke3
Qh4 8. g3 Nxg3 9. hxg3 Qd4+ 10. Kf3 Rf8 11. Rxh7 Qxc4 12. Rxg7 Rxf7+ 13. Rxf7
Qxf7+ 14. Ke3 d5 15. Qh1 d4+ 16. Ke2 Bg4+ 17. Ke1 O-O-O 18. Na3 Rf8 19. d3 Qf2#
0-1

[Event "18 Open international de La Reunion"]
[Site "Salle des fêtes de Bellepierre"]
[Date "2016.10.10"]
[Round "1.18"]
[White "Eric Andriana, Fitia"]
[Black "Duprey, Francois-Xavier"]
[Result "0-1"]
[WhiteElo "1156"]
[BlackElo "1637"]
[PlyCount "80"]
[EventDate "2016.??.??"]

1. e4 d5 2. exd5 Qxd5 3. Nc3 Qa5 4. Nge2 Nf6 5. g3 Bf5 6. Bg2 c6 7. d3 e6 8.
Bd2 Qb6 9. b3 Bc5 10. O-O Ng4 11. Na4 Bxf2+ 12. Kh1 Qc7 13. Bf4 e5 14. Be3 Nxe3
15. Qd2 Ng4 16. h3 Be3 17. Qe1 Nf2+ 18. Rxf2 Bxf2 19. Qxf2 Be6 20. Re1 O-O 21.
Rf1 f5 22. g4 Nd7 23. d4 fxg4 24. Qh4 Rxf1+ 25. Bxf1 gxh3 26. Bxh3 Bxh3 27.
Qxh3 exd4 28. Nxd4 Nf6 29. Ne6 Qe5 30. Nec5 Qe1+ 31. Kh2 Re8 32. Qd3 Ng4+ 33.
Kg2 Re2+ 34. Kf3 Ne5+ 35. Kf4 Nxd3+ 36. Nxd3 Qf1+ 37. Nf2 Qxf2+ 38. Kg4 Re4+
39. Kg5 Qf4+ 40. Kh5 Re5# 0-1

[Event "18 Open international de La Reunion"]
[Site "Salle des fêtes de Bellepierre"]
[Date "2016.10.10"]
[Round "1.19"]
[White "Vitry, Patrick"]
[Black "Laoussing, Mathis"]
[Result "1-0"]
[WhiteElo "1613"]
[BlackElo "1145"]
[PlyCount "91"]
[EventDate "2016.??.??"]

1. e4 e5 2. Nf3 Nc6 3. d4 exd4 4. Nxd4 Bc5 5. Be3 Qf6 6. c3 Nge7 7. Bc4 O-O 8.
Nxc6 Qxc6 9. Bxc5 Qxc5 10. Bb3 d6 11. O-O Qg5 12. f4 Qc5+ 13. Kh1 Qe3 14. Qf3
Qxf3 15. Rxf3 Bg4 16. Rf2 Ng6 17. Nd2 c6 18. Nc4 Rad8 19. Ne3 Be6 20. Rd1 Rd7
21. g3 Bxb3 22. axb3 Rfd8 23. Rfd2 Ne7 24. c4 c5 25. e5 Nc8 26. Nf5 Kf8 27.
Nxd6 Nxd6 28. exd6 f6 29. Kg2 Kf7 30. Kf3 Re8 31. Re2 Rxe2 32. Kxe2 Ke6 33. Ke3
Rxd6 34. f5+ Ke7 35. Rxd6 Kxd6 36. Ke4 Kc6 37. g4 a6 38. h4 h6 39. Kf4 g5+ 40.
fxg6 Kb6 41. g7 Ka5 42. g8=Q Kb4 43. Qd5 Kxb3 44. Qxb7+ Kxc4 45. Qxa6+ Kb3 46.
Qb5+ 1-0

[Event "18 Open international de La Reunion"]
[Site "Salle des fêtes de Bellepierre"]
[Date "2016.10.10"]
[Round "1.20"]
[White "Payet, Bruno"]
[Black "Dace, Jean Emeric"]
[Result "0-1"]
[WhiteElo "1111"]
[BlackElo "1612"]
[PlyCount "74"]
[EventDate "2016.??.??"]

1. d4 Nf6 2. Nc3 b6 3. Bf4 Bb7 4. Nf3 e6 5. e3 d6 6. Bd3 Be7 7. Qe2 Nbd7 8. h3
a6 9. g4 c5 10. Rg1 b5 11. h4 c4 12. g5 cxd3 13. cxd3 Nh5 14. Bh2 g6 15. e4 Qa5
16. Kf1 O-O 17. e5 dxe5 18. Rg4 exd4 19. Rxd4 Rfd8 20. Ne4 Qb6 21. Ng3 Nxg3+
22. Bxg3 Bxf3 23. Qe3 Bd5 24. Rf4 Bd6 25. Qe2 Rac8 26. h5 Qc7 27. Qd2 Bxf4 28.
Bxf4 Qc2 29. Qe3 Nc5 30. Kg1 Qxb2 31. Be5 Qb4 32. h6 Qg4+ 33. Kf1 Bg2+ 34. Kg1
Rxd3 35. Qc1 Bf3+ 36. Bg3 Qh3 37. Qf1 Qh1# 0-1

[Event "18 Open international de La Reunion"]
[Site "Salle des fêtes de Bellepierre"]
[Date "2016.10.10"]
[Round "1.22"]
[White "Turpin, Noah"]
[Black "Mablouke, Ulrich"]
[Result "0-1"]
[WhiteElo "1099"]
[BlackElo "1565"]
[PlyCount "42"]
[EventDate "2016.??.??"]

1. e4 e5 2. Nf3 Nc6 3. Nc3 d6 4. Bb5 Nge7 5. d3 a6 6. Ba4 b5 7. Bb3 Na5 8. Bd5
c6 9. Bb3 Nxb3 10. cxb3 Bg4 11. O-O f5 12. Bg5 h6 13. Be3 f4 14. Bd2 Ng6 15. g3
Qf6 16. Ne2 Bxf3 17. Re1 Qe6 18. Qc2 c5 19. a4 Qh3 20. Nxf4 Nxf4 21. Bxf4 Qg2#
0-1

[Event "18 Open international de La Reunion"]
[Site "Salle des fêtes de Bellepierre"]
[Date "2016.10.10"]
[Round "1.23"]
[White "Muller, Sebastien"]
[Black "Hubert, Nathan"]
[Result "1-0"]
[WhiteElo "1519"]
[BlackElo "1080"]
[PlyCount "37"]
[EventDate "2016.??.??"]

1. e4 e5 2. Nf3 Nc6 3. a3 d6 4. c3 Nf6 5. d3 Be7 6. Qb3 O-O 7. Nbd2 Be6 8. Qxb7
Na5 9. Qb5 c5 10. d4 c4 11. Nxc4 a6 12. Qxa5 Qxa5 13. Nxa5 Bd8 14. Nb7 Bb6 15.
Nxd6 exd4 16. e5 Nd5 17. cxd4 Rfd8 18. Bd3 Nf4 19. Bxf4 1-0

[Event "18 Open international de La Reunion"]
[Site "Salle des fêtes de Bellepierre"]
[Date "2016.10.10"]
[Round "1.24"]
[White "Alex-Geerjanan, Nils"]
[Black "Play, Gilles"]
[Result "0-1"]
[WhiteElo "1070"]
[BlackElo "1514"]
[PlyCount "92"]
[EventDate "2016.??.??"]

1. e4 e5 2. Nf3 Nc6 3. Bc4 Nf6 4. Nc3 Nxe4 5. Nxe4 d5 6. Bxd5 Qxd5 7. Nc3 Qd8
8. d3 Bg4 9. h3 Bxf3 10. gxf3 Qf6 11. Nd5 Qd8 12. Ne3 Qh4 13. Nd5 O-O-O 14. Ne3
Qh5 15. Nc4 Nd4 16. Rb1 Nxf3+ 17. Kf1 Bc5 18. Be3 Bxe3 19. fxe3 Qf5 20. e4 Qf4
21. Kf2 Nd2+ 22. Ke2 Nxc4 23. Qc1 Qxc1 24. Rbxc1 Nxb2 25. Rb1 Na4 26. Rb4 Nb6
27. c4 Rd4 28. Ke3 Rhd8 29. Rd1 Nxc4+ 30. Rxc4 Rxc4 31. dxc4 Rxd1 32. Ke2 Rd4
33. c5 Rxe4+ 34. Kd3 Rd4+ 35. Ke3 Kd7 36. Kf3 Ke6 37. Kg3 Rf4 38. Kh2 Kf5 39.
c6 bxc6 40. a4 e4 41. a5 e3 42. a6 e2 43. Kg3 e1=Q+ 44. Kh2 Rf2+ 45. Kg3 Qg1+
46. Kh4 Qg5# 0-1

[Event "18 Open international de La Reunion"]
[Site "Salle des fêtes de Bellepierre"]
[Date "2016.10.10"]
[Round "1.25"]
[White "Mercadal, Theo"]
[Black "Rebut, Paul"]
[Result "1-0"]
[WhiteElo "1513"]
[BlackElo "1050"]
[PlyCount "155"]
[EventDate "2016.??.??"]

1. c4 e5 2. Nc3 Bc5 3. g3 Nf6 4. Bg2 O-O 5. e3 c6 6. Nge2 d5 7. d4 exd4 8. exd4
Bb6 9. cxd5 cxd5 10. O-O Nc6 11. Be3 Bg4 12. h3 Be6 13. a3 a5 14. Nf4 h6 15.
Qd3 Ne7 16. Rac1 g5 17. Nfe2 Bf5 18. Qd2 Ne4 19. Nxe4 dxe4 20. Nc3 Re8 21. Nxe4
Ng6 22. Nc3 Kg7 23. Bxb7 Bxh3 24. Bxa8 Qxa8 25. f3 Bxf1 26. Rxf1 Bc7 27. Qf2
Qb8 28. f4 gxf4 29. gxf4 Rxe3 30. Qxe3 Bxf4 31. Qf2 f5 32. Ne2 Bd6 33. Qxf5
Bh2+ 34. Kh1 Qc7 35. Qf6+ Kh7 36. Qf7+ Qxf7 37. Rxf7+ Kg8 38. Ra7 Bf4 39. Rxa5
Be3 40. b4 Ne7 41. d5 Nf5 42. Kg2 Kf7 43. Kf3 Bg5 44. Ra6 h5 45. Ng3 Nd4+ 46.
Ke4 h4 47. Nf1 Nb5 48. Kf5 Be7 49. Nh2 Nc7 50. Ra5 Ne8 51. Ra7 Nd6+ 52. Kg4 Kf6
53. Nf3 Nb5 54. Ra6+ Kf7 55. Nxh4 Nc7 56. Ra5 Ke8 57. Nf5 Bd8 58. Rc5 Na6 59.
Rc6 Nb8 60. Rh6 Nd7 61. Rh8+ Nf8 62. Ng7+ Kd7 63. Ne6 Nxe6 64. dxe6+ Ke7 65.
Rxd8 Kxd8 66. Kf5 Ke7 67. b5 Kd6 68. Kf6 Kc5 69. e7 Kxb5 70. e8=Q+ Kc4 71. Qd7
Kb3 72. Qc6 Ka2 73. Qb5 Kxa3 74. Ke5 Ka2 75. Qb4 Ka1 76. Kd4 Ka2 77. Kc3 Ka1
78. Qb2# 1-0

[Event "18 Open international de La Reunion"]
[Site "Salle des fêtes de Bellepierre"]
[Date "2016.10.10"]
[Round "1.26"]
[White "Mohamed, Keziah"]
[Black "Evrin, Selvam"]
[Result "0-1"]
[WhiteElo "1010"]
[BlackElo "1498"]
[PlyCount "58"]
[EventDate "2016.??.??"]

1. e4 c5 2. Nf3 d6 3. Nc3 Nf6 4. d3 Nc6 5. Bg5 e6 6. d4 cxd4 7. Nxd4 Be7 8. Bb5
Qc7 9. O-O O-O 10. Bxf6 Bxf6 11. Nb3 a6 12. Bd3 b5 13. Qh5 g6 14. Qh6 Bg7 15.
Qh4 Bb7 16. Rae1 Ne7 17. Re3 d5 18. Rh3 h6 19. Re1 dxe4 20. Nxe4 Bxe4 21. Bxe4
Nf5 22. Qf4 Qxf4 23. g3 Qg4 24. Bg2 Rac8 25. Re4 Qd1+ 26. Re1 Qxe1+ 27. Bf1
Rxc2 28. Kg2 Qxf2+ 29. Kh1 Qxf1# 0-1

[Event "18 Open international de La Reunion"]
[Site "Salle des fêtes de Bellepierre"]
[Date "2016.10.11"]
[Round "2.1"]
[White "Goorsahye, Antoine"]
[Black "Testud, Philippe"]
[Result "0-1"]
[WhiteElo "1672"]
[BlackElo "2202"]
[PlyCount "64"]
[EventDate "2016.??.??"]

1. d4 Nf6 2. c4 e6 3. Nc3 Bb4 4. a3 Bxc3+ 5. bxc3 b6 6. f3 O-O 7. Bg5 h6 8. Bh4
d6 9. e4 g5 10. Bf2 Nc6 11. Bd3 Nh5 12. h4 Nf4 13. Bf1 f5 14. hxg5 hxg5 15. g3
Ng6 16. Bd3 Qf6 17. Qd2 Na5 18. Qe2 Ba6 19. Nh3 Kg7 20. e5 dxe5 21. dxe5 Nxe5
22. Bd4 Nxd3+ 23. Qxd3 e5 24. Nxg5 Bxc4 25. Qe3 exd4 26. Rh7+ Kg6 27. cxd4 Rae8
28. Ne4 Rxe4 29. fxe4 Kxh7 30. O-O-O Kg7 31. Kb2 fxe4 32. Rd2 Bd3 0-1

[Event "18 Open international de La Reunion"]
[Site "Salle des fêtes de Bellepierre"]
[Date "2016.10.11"]
[Round "2.2"]
[White "Lorans, Sylvain"]
[Black "Rajaobelina, Hery"]
[Result "1-0"]
[WhiteElo "2157"]
[BlackElo "1683"]
[PlyCount "77"]
[EventDate "2016.??.??"]

1. d4 Nf6 2. Nf3 g6 3. Bg5 Bg7 4. Nbd2 d5 5. e3 Nbd7 6. Bd3 c5 7. c3 Qb6 8. Rb1
e5 9. dxe5 Ng4 10. Qa4 Qe6 11. Bf4 O-O 12. O-O Ngxe5 13. Be2 a6 14. Qa3 b6 15.
b4 Qe7 16. Rfd1 c4 17. Bg5 f6 18. Bf4 g5 19. Bg3 Ng4 20. Nf1 h5 21. Rxd5 Bb7
22. Rd4 b5 23. Bd6 Qe6 24. Bxf8 Rxf8 25. Rbd1 Nde5 26. Nxe5 fxe5 27. Bxg4 hxg4
28. Rd8 Qc6 29. Rxf8+ Bxf8 30. e4 Qxe4 31. Ne3 g3 32. hxg3 g4 33. Qb2 Bh6 34.
Qc2 Qxc2 35. Nxc2 Be4 36. Ne3 Bxe3 37. fxe3 Bd3 38. e4 Kf7 39. Kf2 1-0

[Event "18 Open international de La Reunion"]
[Site "Salle des fêtes de Bellepierre"]
[Date "2016.10.11"]
[Round "2.3"]
[White "Duprey, Francois-Xavier"]
[Black "Rodier, David"]
[Result "0-1"]
[WhiteElo "1637"]
[BlackElo "2147"]
[PlyCount "90"]
[EventDate "2016.??.??"]

1. c4 e5 2. Nc3 Nc6 3. g3 f5 4. Bg2 Nf6 5. d3 Bb4 6. Bd2 O-O 7. Nh3 Bxc3 8.
Bxc3 d6 9. b4 Qe8 10. b5 Ne7 11. e3 f4 12. gxf4 Qg6 13. Rg1 Bxh3 14. Bd5+ Nexd5
15. Rxg6 Nxc3 16. Rxg7+ Kxg7 17. Qc2 exf4 18. Qxc3 fxe3 19. fxe3 Kf7 20. Kd2
Rg8 21. Qd4 Rg4 22. e4 b6 23. Qe3 Bg2 24. Re1 Re8 25. h3 Rg6 26. Rg1 Re5 27.
Kc3 Reg5 28. Kb4 Rg3 29. Qf2 Kg7 30. a4 Nh5 31. Qd4+ Nf6 32. Qf2 h5 33. a5 h4
34. axb6 axb6 35. Qa2 Kh7 36. Qa7 Rg7 37. Qb8 Bxh3 38. Ra1 Bg2 39. Ra8 h3 40.
Qh8+ Kg6 41. Qh4 Rxd3 42. Rf8 Rf3 43. Rh8 Kf7 44. Qe1 Rgg3 45. c5 Re3 0-1

[Event "18 Open international de La Reunion"]
[Site "Salle des fêtes de Bellepierre"]
[Date "2016.10.11"]
[Round "2.4"]
[White "Mezouaghi, Miloud"]
[Black "Herrero, Alain"]
[Result "1-0"]
[WhiteElo "2057"]
[BlackElo "1658"]
[PlyCount "131"]
[EventDate "2016.??.??"]

1. e4 c5 2. Nf3 Nc6 3. d4 cxd4 4. Nxd4 g6 5. c4 Nf6 6. Nc3 d6 7. Be2 Nxd4 8.
Qxd4 Bg7 9. Be3 O-O 10. Qd2 Qa5 11. O-O Be6 12. f3 Rfc8 13. b3 a6 14. Rac1 b5
15. Nd5 Qxd2 16. Bxd2 Nxd5 17. cxd5 Bd7 18. Rxc8+ Rxc8 19. Rc1 h5 20. Rxc8+
Bxc8 21. Kf2 Kf8 22. Ke3 f5 23. Bd3 fxe4 24. Bxe4 Kf7 25. Kd3 Bb2 26. Bc3 Bxc3
27. Kxc3 a5 28. a3 g5 29. Bd3 Bd7 30. Kd4 Kf6 31. Bc2 e5+ 32. dxe6 Kxe6 33. Bg6
h4 34. Bc2 Bc6 35. Be4 Bxe4 36. Kxe4 d5+ 37. Kd4 Kd6 38. b4 axb4 39. axb4 Ke6
40. g3 h3 41. Kc5 Ke5 42. Kxb5 Kd4 43. Kc6 Kc4 44. b5 d4 45. b6 d3 46. b7 d2
47. b8=Q d1=Q 48. Qb5+ Kc3 49. Qc5+ Kd2 50. Qd4+ Ke2 51. Qxd1+ Kxd1 52. f4 gxf4
53. gxf4 Ke2 54. f5 Kf2 55. f6 Kg2 56. f7 Kxh2 57. f8=Q Kg1 58. Qg7+ Kh1 59.
Qa1+ Kg2 60. Qb2+ Kg1 61. Qc1+ Kh2 62. Qf1 Kg3 63. Qh1 h2 64. Kd5 Kh3 65. Ke4
Kg3 66. Ke3 1-0